|
|
|
|
| LEADER |
00000nab a2200000 a 4500 |
| 001 |
vtls000299738 |
| 003 |
SK-MaSNL |
| 005 |
20260305043801.0 |
| 008 |
250422c1987 xo 0 slo |
| 015 |
|
|
|a SNBRB19rr/mm-uuuuu
|
| 035 |
|
|
|a CL0309857
|
| 035 |
|
|
|a urn:nbn:sk:snk-ab7k3
|
| 035 |
|
|
|a (urnnbn)urn:nbn:sk:snk:ar-a04ne6
|
| 035 |
|
|
|a (uuid)99b7e982-9926-4f63-b5e3-d951ad259768
|
| 040 |
|
|
|a SNKBUCL
|b slo
|c SNKBUCL
|e AACR2
|
| 041 |
0 |
|
|a slo
|
| 044 |
|
|
|a xo
|c SK
|
| 080 |
|
|
|a 556:551.55
|2 1981
|
| 080 |
|
|
|a 551.55
|2 1981
|
| 100 |
1 |
|
|a Balážová, Jana
|4 aut
|9 420914
|
| 245 |
1 |
0 |
|a Vzťah hodinovej intenzity dažďa a súčasnej hodinovej rýchlosti vetra vo vybraných oblastiach Slovenska
|c Jana Balážová, Miroslav Baláž
|
| 300 |
|
|
|b Tb. 5. Graf. 15., lit. 5 zán. v slov., češ., angl.
|
| 650 |
0 |
7 |
|a dažďové zrážky
|2 snkbucl
|9 79980
|
| 650 |
0 |
7 |
|a vietor
|2 snkbucl
|9 18410
|
| 650 |
0 |
7 |
|a hydrodynamika budov
|2 snkbucl
|9 970944
|
| 655 |
|
7 |
|a články z novín a časopisov
|2 snkbucl
|9 267496
|
| 700 |
1 |
|
|a Baláž, Miroslav
|4 aut
|9 444948
|
| 773 |
0 |
|
|t Vodohospodársky časopis
|g Roč. 35, č. 4 (1987), s. 408-424
|
| 850 |
|
|
|a Slovenská národná knižnica
|
| 852 |
|
|
|a Slovenská národná knižnica
|
| 954 |
|
|
|a odborná, vedecká literatúra pôvodná (slovenská)
|2 lita
|
| 958 |
|
|
|a article27
|
| 958 |
|
|
|a NB
|
| 958 |
|
|
|a RK
|
| 958 |
|
|
|a OND
|
| 958 |
|
|
|a EUIPO
|
| 992 |
|
|
|a RBX
|
| 999 |
|
|
|c 3355180
|d 3357110
|